000 00357nam a2200145Ia 4500
008 230917s9999||||xx |||||||||||||| ||und||
040 _e247502
_aMAIN
041 _aEnglish
082 _a784.94 D539D
100 _aDhyani, Kamala
245 0 _aDhrupat gayaki ke vikas mein Darag Parampara ka yogdan
260 _c2016
300 _a197 p.
942 _cTH
999 _c127702
_d127702